Detalles MARC
| 000 -LIDER |
| fixed length control field |
01133nam a22003737a 4500 |
| 001 - NÚMERO DE CONTROL |
| Identificador de número de control |
00260 |
| 003 - IDENTIFICACDOR DE NÚMERO DE CONTROL |
| control field |
DO-SdBNP |
| 005 - DATE AND TIME OF LATEST TRANSACTION |
| control field |
20180220112734.0 |
| 008 - ELEMENTOS DE LONGITUD FIJA |
| fixed length control field |
151023b 1992 sp a || 00| 0 spa d |
| 020 ## - ISBN |
| International Standard Book Number |
8434812479 |
| 040 ## - FUENTE DE CATALOGACIÓN |
| Agencia que crea de manera original el registro |
BPMSU |
| Idioma de catalogación |
spa |
| Agencia que realiza la transcripción |
BPMSU |
| 041 17 - CÓDIGOS DE OBRAS TRADUCIDAS O EN VARIOS IDIOMAS |
| Código del idioma del texto/archivo de sonido o separata |
spa |
| Cód. del idioma original y/o traducciones intermedias del texto |
eng |
| 092 ## - LOCALLY ASSIGNED DEWEY DECIMAL CALL NUMBER |
| Número de clasificación |
xxxx |
| Número de ítem (Cutter) |
xxxx |
| 100 1# - ASIENTO PRINCIPAL -- NOMBRE PERSONAL |
| Nombre personal |
Terlouw, Jan, |
| Títulos u otras palabras asociadas con el nombre |
1931- |
| 240 10 - TITULO UNIFORME |
| Título uniforme |
Koning van katoren |
| Idioma de una obra |
Español |
| 245 10 - MENCIÓN DE TITULO |
| Título |
El rey de Katoren / |
| Mención de responsabilidad |
Jan Terlouw ; traducción Guillermo Solana Alonso ; ilustraciones J. J. Vayssieéres. |
| 250 ## - MENCIÓN DE EDICION |
| Mención de edición |
11ª ed. |
| 260 ## - PUBLICACIÓN, DISTRIBUCIÓN, ETC. (PIE DE IMPRENTA) |
| Lugar de publicación, distribución, etc |
Madrid : |
| Nombre del editor, distribuidor, etc. |
Ediciones S M, |
| Fecha de publicación, distribución, etc |
1992. |
| 300 ## - DESCRIPCIÓN FÍSICA |
| Extensión |
205 p. |
| Otros detalles físicos |
il. |
| Dimensiones |
19 cm. |
| 490 0# - MENCIÓN DE SERIES |
| Mención de serie |
El barco de vapor |
| Volume/sequential designation |
12 |
| 490 0# - MENCIÓN DE SERIES |
| Mención de serie |
Roja |
| 521 ## - TARGET AUDIENCE NOTE |
| Target audience note |
A partir de 12 años. |
| 586 ## - AWARDS NOTE |
| Awards note |
Premio mejor libro juvenil de Holanda. |
| 586 ## - AWARDS NOTE |
| Awards note |
Premio mejor libro juvenil de Austria. |
| 586 ## - AWARDS NOTE |
| Awards note |
Gran premio de literatura juvenil. |
| 700 12 - ASIENTO SECUNDARIO -- NOMBRE PERSONAL |
| Nombre personal |
Solana Alonso, Guillermo, |
| Mención de responsabilidad |
tr. |
| 700 12 - ASIENTO SECUNDARIO -- NOMBRE PERSONAL |
| Nombre personal |
Vayssieéres, J. J., |
| Mención de responsabilidad |
il. |
| 830 #0 - ASIENTO SECUNDARIO DE SERIE--TÍTULO UNIFORME |
| Título uniforme |
El barco de vapor |
| Número de la parte o sección de una obra |
12 |
| 830 #0 - ASIENTO SECUNDARIO DE SERIE--TÍTULO UNIFORME |
| Título uniforme |
Roja |
| 910 ## - VALIDACIÓN |
| Validación |
00260 |
| 942 ## - ADDED ENTRY ELEMENTS (KOHA) |
| Source of classification or shelving scheme |
Dewey Decimal Classification |
| Koha item type |
Libros |
| 945 ## - INFORMACIÓN DE PROCESAMIENTO LOCAL |
| Información de procesamiento local |
Inventariado, 2018/ YL |
| 956 ## - LOCAL ELECTRONIC LOCATION AND ACCESS (OCLC) |
| Método de acceso |
Lorenza Pérez |